5 largest cities in 50 countries - Statistics

General Stats
  • This quiz has been taken 43 times
  • The average score is 154 of 250
Answer Stats
Hint Answer % Correct
Australia Sydney
100%
Austria Vienna
100%
Egypt Alexandria
96%
Argentina Buenos Aires
96%
China Guangzhou
96%
Bolivia La Paz
96%
Australia Melbourne
96%
Czech Republic Prague
96%
Iran Tehran
96%
Canada Toronto
96%
Australia Adelaide
93%
Netherlands Amsterdam
93%
Turkiye Ankara
93%
Spain Barcelona
93%
Australia Brisbane
93%
Belgium Brussels
93%
India Delhi
93%
Ireland Dublin
93%
Canada Edmonton
93%
Finland Helsinki
93%
Democratic Republic of the Congo Kinshasa
93%
India Kolkata
93%
United Kingdom London
93%
United States of America Los Angeles
93%
Canada Montreal
93%
Germany Munich
93%
Italy Naples
93%
United States of America New York
93%
Canada Ottawa
93%
France Paris
93%
Netherlands Rotterdam
93%
Brazil Sao Paulo
93%
China Shanghai
93%
Israel Tel Aviv
93%
New Zealand Wellington
93%
Greece Athens
89%
Iraq Baghdad
89%
Germany Berlin
89%
Romania Bucharest
89%
Egypt Cairo
89%
Denmark Copenhagen
89%
Germany Frankfurt
89%
Turkiye Istanbul
89%
Indonesia Jakarta
89%
Israel Jerusalem
89%
United Kingdom Liverpool
89%
Mexico Mexico City
89%
Belarus Minsk
89%
Norway Oslo
89%
Australia Perth
89%
Brazil Rio de Janeiro
89%
Saudi Arabia Riyadh
89%
Italy Rome
89%
South Korea Seoul
89%
Japan Tokyo
89%
Spain | Venezuela Valencia
89%
Switzerland Zurich
89%
New Zealand Auckland
85%
Switzerland Bern
85%
United Kingdom Birmingham
85%
Brazil Brasilia
85%
Canada Calgary
85%
Venezuela Caracas
85%
Morocco Casablanca
85%
India Chennai
85%
United States of America Chicago
85%
Germany Cologne
85%
Sweden Gothenburg
85%
South Africa Johannesburg
85%
Nigeria Lagos
85%
Peru Lima
85%
Portugal Lisbon
85%
France Lyon
85%
Spain Madrid
85%
Saudi Arabia Mecca
85%
Italy Milan
85%
Russia Moscow
85%
Morocco Rabat
85%
Russia Saint Petersburg
85%
Italy Turin
85%
Nigeria Abuja
81%
Belgium Antwerp
81%
United Kingdom Glasgow
81%
Austria Graz
81%
Germany Hamburg
81%
Vietnam Hanoi
81%
United States of America Houston
81%
Saudi Arabia Jeddah
81%
Pakistan Karachi
81%
Sweden Malmo
81%
France Marseille
81%
Japan Osaka
81%
Portugal Porto
81%
Sweden Stockholm
81%
China Beijing
78%
Colombia Bogota
78%
Argentina Cordoba
78%
South Africa Durban
78%
Switzerland Geneva
78%
Vietnam Ho Chi Minh City
78%
Ukraine Kyiv
78%
Pakistan Lahore
78%
Saudi Arabia Medina
78%
Ukraine Odessa
78%
Italy Palermo
78%
South Korea Busan
74%
South Africa Cape Town
74%
Belgium Liege
74%
Philippines Manila
74%
Colombia Medellin
74%
India Mumbai
74%
Colombia Cali
70%
Ireland Cork
70%
Ukraine Dnipropetrovsk
70%
Ukraine Donetsk
70%
Morocco Fez
70%
Turkiye Izmir
70%
Morocco Marrakesh
70%
Japan Nagoya
70%
France Nice
70%
Argentina Rosario
70%
Spain Sevilla
70%
Indonesia Surabaya
70%
Greece Thessaloniki
70%
Netherlands Utrecht
70%
Russia Yekaterinburg
70%
Norway Bergen
67%
Belgium Ghent
67%
India Hyderabad
67%
Austria Innsbruck
67%
Ukraine Kharkiv
67%
Iraq Mosul
67%
Russia Novosibirsk
67%
Mexico Tijuana
67%
France Toulouse
67%
Turkiye Adana
63%
New Zealand Christchurch
63%
Switzerland Lausanne
63%
Austria Linz
63%
Russia Nizhny Novgorod
63%
South Africa Pretoria
63%
Austria Salzburg
63%
Japan Sapporo
63%
Netherlands The Hague
63%
Switzerland Basel
59%
Netherlands Eindhoven
59%
Iraq Erbil
59%
Nigeria Kano
59%
China Tianjin
59%
Indonesia Bandung
56%
Pakistan Faisalabad
56%
Ireland Limerick
56%
Venezuela Maracaibo
56%
South Africa Port Elizabeth
56%
Brazil Salvador
56%
Denmark Aarhus
52%
Portugal Braga
52%
Czech Republic Brno
52%
Philippines Cebu
52%
Japan Fukuoka
52%
Israel Haifa
52%
Nigeria Ibadan
52%
Iran Isfahan
52%
United States of America Phoenix
52%
Finland Turku
52%
Denmark Aalborg
48%
South Korea Daegu
48%
Egypt Port Said
48%
China Shenzhen
48%
Finland Tampere
48%
Sweden Uppsala
48%
Colombia Barranquilla
44%
Iraq Basra
44%
Belarus Brest
44%
Turkiye Bursa
44%
Colombia Cartagena
44%
Brazil Fortaleza
44%
Ireland Galway
44%
South Korea Incheon
44%
Czech Republic Plzen
44%
Norway Trondheim
44%
United Kingdom Bristol
41%
Belgium Charleroi
41%
Romania Cluj-Napoca
41%
Greece Heraklion
41%
Indonesia Medan
41%
Greece Patras
41%
Mexico Puebla
41%
Iran Shiraz
41%
Spain Zaragoza
41%
Romania Constanta
37%
Egypt Giza
37%
Iraq Kirkuk
37%
Argentina Mendoza
37%
Denmark Odense
37%
Norway Stavanger
37%
Nigeria Benin City
33%
Finland Espoo
33%
Romania Iasi
33%
Democratic Republic of the Congo Lubumbashi
33%
Pakistan Rawalpindi
33%
Argentina San Miguel de Tucuman
33%
Bolivia Santa Cruz de la Sierra
33%
Romania Timisoara
33%
Ireland Waterford
33%
Saudi Arabia Dammam
30%
New Zealand Hamilton
30%
Mexico Leon
30%
Iran Mashhad
30%
Czech Republic Ostrava
30%
Iran Qom
30%
Belarus Vitebsk
30%
Bolivia Cochabamba
26%
Vietnam Da Nang
26%
Peru Trujillo
26%
Greece Larissa
22%
Finland Oulu
22%
Philippines Quezon City
22%
Morocco Tangiers
22%
Peru Arequipa
19%
Venezuela Barquisimeto
19%
Norway Kristiansand
19%
Sweden Vasteras
19%
Portugal Amadora
15%
Philippines Davao
15%
Denmark Esbjerg
15%
Pakistan Gujranwala
15%
Vietnam Haiphong
15%
Czech Republic Liberec
15%
Venezuela Maracay
15%
Democratic Republic of the Congo Mbuji-Mayi
15%
Bolivia El Alto
11%
Democratic Republic of the Congo Kisangani
11%
Portugal Vila Nova de Gaia
11%
Indonesia Bekasi
7%
Mexico Ecatepec
7%
Bolivia Oruro
7%
South Korea Gwangju
4%
Israel Petah Tikva
4%
Israel Rishon leZion
4%
New Zealand Tauranga
4%
Vietnam Bien Hoa
0%
Philippines Caloocan
0%
Peru Chiclayo
0%
Belarus Homyel
0%
Belarus Mahilyow
0%
Democratic Republic of the Congo Masina
0%
Peru Piura
0%
Egypt Shubra al-Khaymah
0%
No matching quizzes found
Score Distribution
Percent of People with Each Score
Percentile by Number Answered
Your Score History
You have not taken this quiz